000 01390cam a2200301 a 4500
001 000007437
005 20200929154153.0
008 960802s1995 ag 000 1 spa
020 _a067977629X
035 _a(DLC) 96176420
035 _a(MNU)notisAQL3401
035 _a(OCoLC)OCM33478556
035 _a(CStRLIN)MNUGAQL3401-B
040 _aDO-SdBNP
_bspa
_cDLC
_dDLC
_dBNPHU
082 _aA863.44
_bM385s
100 1 _aMartínez, Tomás Eloy,
_d1934-
_920646
245 1 0 _aSanta Evita /
_cTomás Eloy Martínez.
260 _aBuenos Aires, (Argentina) :
_bPlaneta,
_aNew York :
_bVintage Español,
_c1995.
300 _a394 p. ;
_c21 cm.
490 1 _aFicción literaria
520 1 _a"Novela. Una pertinacia con casi obsesiva la voz narrativa Persigue la trayectoria del cuerpo de Eva Duarte de Perón. Canonización Las voces de una galería de personajes transmiten la fascinación ejercida por su figura y su explican "en la Imaginería popular. La Imposibilidad de discenir entre Historia y Ficción real maravilloso producir un relato alucinante que revivifica MANERA DE Indiscutible la categoria de lo '' "- Handbook of Latin American Studies, v. 58.
600 1 0 _aPERÓN, EVA,
_d1919-1952
_920647
650 4 _aNovela argentina
_93941
650 4 _aLiteratura argentina
_93860
830 0 _aFicción literaria.
_920648
910 _aCatalogación derivada
049 _aBNGR
999 _c7218
_d7218